| 000 | 00449nam a22001577a 4500 | ||
|---|---|---|---|
| 005 | 20250207190816.0 | ||
| 008 | 250207b |||||||| |||| 00| 0 eng d | ||
| 020 | _a8123900465 | ||
| 050 |
_aRC473 _b.L32 |
||
| 100 | _aA.S.M.T. Hossain | ||
| 245 |
_aLaboratory Diagnosis in Medicine/ _cA. S. M. T. Hossain |
||
| 260 |
_aNew Delhi _bCBS Publishers & Distributors _c1994, 2000 |
||
| 300 |
_a111p. _c21cm |
||
| 500 | _aincludes index | ||
| 942 |
_2lcc _cBK _n0 |
||
| 999 |
_c3602 _d3602 |
||